Oscar Nominees (2016) Quiz Stats

Quiz Updated Jan 17, 2018

Challenge
Share
Tweet
Embed
Score 0/102 Timer 08:00
1 Play Today
Category Answer % Correct
Best Original Song'Audition (The Fools Who Dream) - La La Land
97.7%
Best Original Song'City of Stars' - La La Land
97.7%
Best PictureLa La Land
97.7%
Original ScreenplayLa La Land
97.7%
Best EditingLa La Land
97.7%
Best Production DesignLa La Land
97.7%
Best Costume DesignLa La Land
97.7%
Best CinematographyLa La Land
97.7%
Best Sound MixingLa La Land
97.7%
Best Sound EditingLa La Land
97.7%
Best Original ScoreLa La Land
97.7%
Best ActressEmma Stone - La La Land
89.8%
Best ActorRyan Gosling - La La Land
88.5%
Adapted ScreenplayMoonlight
85.1%
Best EditingMoonlight
85.1%
Best CinematographyMoonlight
85.1%
Best Original ScoreMoonlight
85.1%
Best PictureMoonlight
85.1%
Best PictureManchester by the Sea
81.1%
Original ScreenplayManchester by the Sea
81.1%
Best PictureFences
79.7%
Adapted ScreenplayFences
79.7%
Best ActorCasey Affleck - Manchester by the Sea
78.7%
Best ActorDenzel Washington - Fences
77.1%
Best PictureHidden Figures
74.4%
Adapted ScreenplayHidden Figures
74.3%
Best Supporting ActressViola Davis - Fences
73.7%
Best PictureArrival
70.6%
Adapted ScreenplayArrival
70.6%
Best EditingArrival
70.6%
Best Production DesignArrival
70.6%
Best CinematographyArrival
70.6%
Best Sound MixingArrival
70.6%
Best Sound EditingArrival
70.6%
Category Answer % Correct
Best ActressMeryl Streep - Florence Foster Jenkins
70.5%
Best PictureLion
68.4%
Adapted ScreenplayLion
68.4%
Best CinematographyLion
68.4%
Best Original ScoreLion
68.4%
Best PictureHacksaw Ridge
67.6%
Best EditingHacksaw Ridge
67.6%
Best Sound MixingHacksaw Ridge
67.6%
Best Sound EditingHacksaw Ridge
67.6%
Best Supporting ActorMahershala Ali - Moonlight
64.3%
Best Original Song'How Far I'll Go' - Moana
62%
Best Animated FeatureMoana
62%
Best Animated FeatureZootopia
61.8%
Best PictureHell or High Water
61.7%
Original ScreenplayHell or High Water
61.7%
Best EditingHell or High Water
61.7%
Best Supporting ActressOctavia Spencer - Hidden Figures
61.7%
Best ActorAndrew Garfield - Hacksaw Ridge
61.1%
Best Supporting ActorDev Patel - Lion
60.2%
Best Supporting ActressMichelle Williams - Manchester by the Sea
59.7%
Best DirectorDamien Chazelle - La La Land
59%
Best DirectorMel Gibson - Hacksaw Ridge
57.5%
Best ActressNatalie Portman - Jackie
56.6%
Best Supporting ActressNicole Kidman - Lion
55.2%
Best Supporting ActorJeff Bridges - Hell or High Water
54.7%
Best Sound MixingRogue One: A Star Wars Story
52.3%
Best Visual EffectsRogue One: A Star Wars Story
52.3%
Best Costume DesignJackie
51.2%
Best Original ScoreJackie
51.2%
Best Costume DesignFlorence Foster Jenkins
50.3%
Best DirectorBarry Jenkins - Moonlight
49.3%
Best Supporting ActressNaomie Harris - Moonlight
48%
Best Makeup/HairstylingSuicide Squad
47.3%
Best ActressIsabelle Huppert - Elle
46.1%
Category Answer % Correct
Best ActressRuth Negga - Loving
45.8%
Best ActorViggo Mortensen - Captain Fantastic
44.1%
Best Supporting ActorMichael Shannon - Nocturnal Animals
43.3%
Best Supporting ActorLucas Hedges - Manchester by the Sea
42.8%
Best DirectorKenneth Lonergan - Manchester by the Sea
42.8%
Best Visual EffectsKubo and the Two Strings
42.8%
Best Animated FeatureKubo and the Two Strings
42.8%
Best DirectorDenis Villeneuve - Arrival
41%
Best Production DesignFantastic Beasts and Where to Find Them
39.3%
Best Costume DesignFantastic Beasts and Where to Find Them
39.3%
Best Original Song'Can't Stop the Feeling' - Trolls
36.2%
Best CinematographySilence
35.6%
Original ScreenplayThe Lobster
34.9%
Best Visual EffectsDoctor Strange
34.7%
Best Production DesignPassengers
33.5%
Best Original ScorePassengers
33.5%
Best Makeup/HairstylingStar Trek Beyond
32.8%
Best Animated FeatureThe Red Turtle
32.6%
Best Visual EffectsThe Jungle Book
32.3%
Original Screenplay20th Century Women
32%
Best Animated FeatureMy Life as a Zucchini
31.6%
Best Foreign FeatureToni Erdmann - Germany
31.2%
Best Foreign FeatureThe Salesman - Iran
30.6%
Best Makeup/HairstylingA Man Called Ove
29.5%
Best Foreign FeatureA Man Called Ove - Sweden
29.4%
Best Sound EditingSully
26.6%
Best Sound EditingDeepwater Horizon
26.6%
Best Visual EffectsDeepwater Horizon
26.6%
Best Costume DesignAllied
23.5%
Best Original Song'The Empty Chair' - Jim: The James Foley Story
23.1%
Best Sound Mixing13 Hours: The Secret Soldiers of Benghazi
23.1%
Best Production DesignHail, Caesar!
22.5%
Best Foreign FeatureLand of Mine - Denmark
20.5%
Best Foreign FeatureTanna - Australia
20.5%

You're not logged in!

Compare scores with friends on all Sporcle quizzes.
Join for Free
OR
Log In

You Might Also Like...

Show Comments

Extras

Top Quizzes Today


Score Distribution

Your Account Isn't Verified!

In order to create a playlist on Sporcle, you need to verify the email address you used during registration. Go to your Sporcle Settings to finish the process.

Report this User

Report this user for behavior that violates our Community Guidelines.

Details: